Dopasuj imię do nazwiska - polscy reżyserzy - Statystyki

Ogólne statystyki
  • Ten quiz został rozwiązany 37 razy
  • Średni wynik to 13 z 20
Statystyki odpowiedzi
Hint Odpowiedź % Poprawnych
Agnieszka Holland
97%
Patryk Vega
97%
Andrzej Wajda
97%
Krzysztof Kieślowski
87%
Juliusz Machulski
84%
Roman Polański
84%
Stanisław Bareja
81%
Jerzy Kawalerowicz
74%
Sylwester Chęciński
71%
Filip Bajon
61%
Marek Koterski
61%
Władysław Pasikowski
61%
Kazimierz Kutz
58%
Aleksander Ford
55%
Wojciech Jerzy Has
52%
Ryszard Bugajski
48%
Feliks Falk
45%
Janusz Majewski
39%
Konrad Niewolski
39%
Tadeusz Konwicki
35%
Nie znaleziono quizów pasujących do podanych kryteriów
Rozkład punktacji
Procent ludzi z każdym wynikiem
Percentyl według liczby udzielonych odpowiedzi
Twoja historia wyników
Nie rozwiązałeś tego quizu